Представление документа в формате RUSMARC

ПолеНазваниеЗначение
  Тип записи a
  Библиографический уровень m
001 Контрольный номер admiBOOK00017485
005 Дата корректировки 20140508173821.2
010 Индекс ISBN __
a ISBN 978-5-91180-194-6
d Цена 237.00
100 Данные общей обработки __
a Данные общей обработки 19011210 |||y0 y0189 ca
101 Язык документа __
a Язык текста rus
105 Кодированные данные (монография) __
a Кодированные данные (монография) zy
200 Заглавие и сведения об ответственности 0_
a Заглавие Экономическая оценка инвестиций
e Сведения, относящиеся к заглавию Учебник
205 Сведения об издании __
a Основные сведения об издании 2-е изд.
b Дополнительные сведения об издании Допущено МО и науки РФ
210 Выходные данные __
a Место издания СПб
c Издательство Питер
d Дата издания 2008
215 Физическое описание __
a Объем 480с.
c Иллюстрации/тип воспроизводства ил.
225 Серия __
a Серия Учебник для вузов
606 Тематические рубрики __
a Основная рубрика Финансы
x Основная подрубрика Кредитная система
x Основная подрубрика Инвестиции
x Основная подрубрика Международные финансовые отношения
x Основная подрубрика Экономика предприятия
610 Ключевые слова __
a Ключевые слова Инвестиции
a Ключевые слова Инвестиции в произвлдстве
a Ключевые слова Виды инвестиций
a Ключевые слова Инвестиционный проект
a Ключевые слова Принципы инвестировнаия
a Ключевые слова Инвестиционный цикл
a Ключевые слова Инвестиционная политика предприятия
a Ключевые слова Оценка эффективности инвестиционного проекта
a Ключевые слова Рыночная экономика
a Ключевые слова Инновационные проекты
a Ключевые слова Инвестиции в условиях риска
a Ключевые слова Финансовые инвестиции
675 Индекс УДК __
a Индекс УДК 336.322
686 Индексы других классификаций __
a Классификационный индекс 65.262.1
a Классификационный индекс 65.268
a Классификационный индекс 65.29
700 Автор _1
a Фамилия Ример
b Имя М.И.
701 Альтернативная интеллектуальная ответственность __
a Фамилия Касатов А.Д.
b Имя Матиенко Н.Н.
852 Данные о местонахождении __
c Местонахождение стеллажа 65.262.1
c Местонахождение стеллажа 65.268
c Местонахождение стеллажа 65.29
j Шифр хранения 65.26
852 Данные о местонахождении __
b Сигла хранения ЧЗ_1
t Номер экземпляра 1
i Авторский знак Р51
p Инвентарный номер 143389
901 Тип документа __
t Тип документа m
911 __
u 952a=Учебная
u 952p=1972
938 Служебная информация __
a Название организации Саранский филиал
b Имя БД OUTPUT.MRC_Саранск
c Название АИБС АИБС Библиотека